Estudio de prefactibilidad para la instalación de una planta procesadora de Abono Orgánico a partir de Aserrín y Desechos Orgánicos
El presente estudio evalúa la factibilidad de la instalación de una planta procesadora de abono orgánico en la Universidad Nacional de Ingeniería en el recinto Pedro Arauz Palacios y su viabilidad a través del aprovechamiento de los residuos sólidos orgánicos, para procesarlos en abono orgán...
| Main Authors: | , |
|---|---|
| Other Authors: | |
| Format: | Tesis Section = Libro |
| Language: | Undetermined Spanish |
| Published: |
Managua
UNI
2016
|
| Subjects: |
| LEADER | 01260nam a2200265Ia 4500 | ||
|---|---|---|---|
| 008 | 240830s9999 xx 000 0 und d | ||
| 040 | |a BIBLIOTECA-RUPAP Mon 658.11 G216e | ||
| 041 | |a spa | ||
| 082 | |a Mon 658.11 G216e | ||
| 100 | 1 | |a García Vega, Silvio Agustín | |
| 100 | 1 | |b Ugarte Salgado, Kathy del Carmen | |
| 245 | 1 | 0 | |a Estudio de prefactibilidad para la instalación de una planta procesadora de Abono Orgánico a partir de Aserrín y Desechos Orgánicos |
| 260 | |a Managua |b UNI |c 2016 | ||
| 300 | |a 112 p. :il. | ||
| 500 | |a Contiene: anexos y CD. | ||
| 502 | |a Tesis (Ingeniero Industrial)- UNI, 2016. | ||
| 520 | 3 | |a El presente estudio evalúa la factibilidad de la instalación de una planta procesadora de abono orgánico en la Universidad Nacional de Ingeniería en el recinto Pedro Arauz Palacios y su viabilidad a través del aprovechamiento de los residuos sólidos orgánicos, para procesarlos en abono orgánico del tipo Bocashi. | |
| 650 | 7 | |a PLANTA PROCESADORA DE ABONO-INSTALACION-PROYECTOS | |
| 650 | 7 | |b ESTUDIO DE FACTIBILIDAD | |
| 650 | 7 | |c DESECHOS ORGANICOS-ASPECTOS ECONOMICOS | |
| 650 | 7 | |d NUEVOS NEGOCIOS | |
| 700 | 1 | |a Tutor: |b López Valerio, Danilo Ambrosio | |
| 942 | |c BK |2 ddc | ||
| 991 | |a TESIS | ||
| 999 | |c 16915 | ||